000 00584cam a22002291 4500
001 sa 67007394
003 DLC
005 20260227112415.0
008 890421s1960 np c 000 0 nepo
010 _asa 67007394
035 _a(OCoLC)19584285
040 _aDLC
_cWaU
_dDLC
042 _apremarc
043 _aa-np---
050 0 0 _aPK2598.G5
_bR3
100 1 _aGhimire, Kr̥shṇa Prasāda Śarmā,
_d1920-
245 1 0 _aRāshṭriya-caritra.
260 _c[1960]
300 _a4, 4, 4, 354 p.
_bports.
_c25 cm.
500 _aIn Nepali.
651 0 _aNepal
_xHistory
_vPoetry.
999 _c76554
_d76554